Kartotéklapok bélyegilletékének lerovása

Elmentve itt :
Bibliográfiai részletek
Dokumentumtípus: Cikk
Megjelent: 1929
Sorozat:Polgári jog : a hazai és külföldi magánjog és hiteljog szemléje 5
Kulcsszavak:Illeték okirati
Online Access:http://misc.bibl.u-szeged.hu/5394
LEADER 00563nab a2200157 i 4500
001 misc5394
005 20191106142726.0
008 170607s1929 hu o 0|| hun d
040 |a SZTE Miscellanea Repozitórium  |b hun 
041 |a hun 
245 0 0 |a Kartotéklapok bélyegilletékének lerovása  |h [elektronikus dokumentum] 
260 |c 1929 
300 |a 278-279b 
490 0 |a Polgári jog : a hazai és külföldi magánjog és hiteljog szemléje  |v 5 
695 |a Illeték okirati 
856 4 0 |u http://misc.bibl.u-szeged.hu/5394/1/polgari_jog_1929_278-279b.pdf  |z Dokumentum-elérés